| 000 | 00537nam a2200181Ia 4500 | ||
|---|---|---|---|
| 003 | IN-BaIIA | ||
| 008 | 211028s9999 xx 000 0 eng d | ||
| 040 | _cIIA Library | ||
| 080 |
_a482 _bTUR |
||
| 245 | 0 |
_aRussian for the scientist. _cedited by John Turkevich and Ludmilla B. Turkevich |
|
| 260 |
_aNew Jersey _bD. Van Nostrand _c1959 |
||
| 300 | _aix, 255p. | ||
| 650 |
_aRussian grammar _93712 |
||
| 650 |
_aRussian scientist _93713 |
||
| 700 |
_aTurkevich, John, ed. _93714 |
||
| 700 |
_aTurkevich, Ludmilla B. _93715 |
||
| 942 | _cBK | ||
| 999 |
_c1955 _d1955 |
||